Outsourcing podnikových činností vo vybranom podniku bakalárska práca

Gespeichert in:
Bibliographische Detailangaben
1. Verfasser: Olosová, Nikola
Körperschaft: Fakulta podnikového manažmentu EU. Katedra manažmentu
Weitere Verfasser: Mišúnová Hudáková, Ivana, 1976-
Format: Buch
Sprache:Slowakisch
Veröffentlicht: Bratislava 2017
Tags: Tag hinzufügen
Keine Tags, Fügen Sie das erste Tag hinzu!

MARC

LEADER 00000nbm a2200000 4500
001 0232452
005 20171215125207.3
041 0 |a slo 
044 |a SK 
245 1 0 |a Outsourcing podnikových činností vo vybranom podniku  |b bakalárska práca  |c Nikola Olosová ; školiteľ: Ivana Mišúnová Hudáková 
264 1 |a Bratislava  |c 2017 
300 |a 56 s. 
100 1 |a Olosová, Nikola 
700 1 |a Mišúnová Hudáková, Ivana, 1976- 
710 2 |a Fakulta podnikového manažmentu EU. Katedra manažmentu